000 01044nas a2200349 4500
001 BR2014003553
003 BR-BrBNA
005 20231205124147.0
007 ta
008 230509b bl.|||p| |||| 00| 00por d
040 _aBR-BrBNA
_bpor
_cBiblioteca Nacional de Agricultura
041 _a(Pt)
072 _aF03
100 1 _aMay, A.
100 1 _aMagalhães, P.C.
100 1 _aAbreu, M.C.
100 1 _aParrella, N.N.L.D.
100 1 _aCampanha, M.M.
100 1 _aSilva, A.F. da
100 1 _aSchaffert, R.E.
100 1 _aParrella, R.A.da C,
245 1 _aFito-hormônios no desenvolvimento vegetativo e germinação das sementes de sorgo sacarino
650 _aSORGO AÇUCAREIRO
650 _aSEMENTE
650 _aHORMÔNIO VEGETAL
650 _aDOSE
650 _aGERMINAÇÃO
650 _aÉPOCA DE APLICAÇÃO
773 0 _tRevista Brasileira de Milho e Sorgo (Brazil)
_xISSN 1676-689X
_g(Jan-Apl 2013), v. 12(1) p. 33-43
_wBR2014003553
909 _a202311
_bLúcia
_c55
_dLúcia Elande
942 _2AGRIS
_n0
_cANA
999 _c237612
_d237612